000 01243cam a2200373 i 4500
001 43396
003 Mx-PuUPA
005 20240513130433.0
008 140415s2013 mx gr 000 f spa d
020 _a9786077350842
040 _cMx-PuUPA
_aMx-PuUPA
_bspa
_dMx-PuUPA
_erda
041 1 _aspa
_heng
100 1 _aEe, Susan,
_915675
_eautor
240 1 0 _aAngelfall.
_lEspañol
245 1 0 _aÁngeles caídos /
_cSusan Ee ; traducción, Alejandro Espinoza
250 _aPrimera edición
264 1 _aMéxico, D.F. :
_bEditorial Océano de México,
_c2013
300 _a365 páginas ;
_c21 cm
336 _2rdacontent
_atexto
_btxt
337 _2rdamedia
_asin medio
_bn
338 _2rdacarrier
_avolumen
_bnc
490 0 _aTrilogía El fin de los tiempos
545 1 _aReimpresiones: (segunda, noviembre de 2014).
650 7 _2armarc
_aAngeles
_vNovela
650 7 _2armarc
_aFin del mundo
_vNovela
650 7 _2armarc
_aHistorias paranormales
_vNovela
650 7 _2armarc
_aNovela fantástica
651 4 _aSan Francisco California
_vNovela
700 1 _aEspinoza, Alejandro,
_etraductor
765 0 _aEe, Susan,
_tAngelfall.
942 _2ddc
_cLI
_h813
_iE265
999 _c43396
_d43396